Fußball Top 10 #14 (Bundesliga Rekordspieler seit 2000) - Statistiken

Allgemein
  • Dieses Quiz wurde 191 mal gespielt
  • Das Durchschnittsergebnis liegt bei 5 aus 10
Antwortstatistiken
Platz BL Einsätze seit 2000 Spieler % Korrekt
3 483 Thomas Müller
97%
1 510 Manuel Neuer
95%
10 385 Philipp Lahm
75%
9 391 Marco Reus
72%
5 442 Mats Hummels
68%
4 471 Oliver Baumann
53%
2 490 Claudio Pizarro
34%
8 403 Stefan Kießling
24%
6 430 Christian Gentner
10%
7 421 Gonzalo Castro
6%
Keine übereinstimmenden Quizze gefunden
Verteilung der Resultate
Anzahl Personen mit jedem Resultat
Perzentil nach korrekt beantworteten Fragen
Ihre Resultats-Entwicklung
Sie haben dieses Quiz noch nicht gespielt